| 000 | 00467nam a22001577a 4500 | ||
|---|---|---|---|
| 003 | macl | ||
| 005 | 20190528170414.0 | ||
| 008 | 190528b xxu||||| |||| 00| 0 eng d | ||
| 040 | _cmacl | ||
| 082 | _a800 | ||
| 100 |
_aमिश्र,राजेन्द्र _968914 |
||
| 245 | _aघर पडोस देश | ||
| 260 |
_aबीकानेर _bसूर्य प्रकाशन _c2015 |
||
| 650 |
_aसंस्मरण _975031 |
||
| 942 |
_2ddc _cHIN |
||
| 999 |
_c59897 _d59897 |
||